Vorherige Landesflaggen - Statistiken

Allgemein
  • Dieses Quiz wurde 22 mal gespielt
  • Das Durchschnittsergebnis liegt bei 8 aus 16
Antwortstatistiken
Bildquiz Antwort % Korrekt
Syrien
95%
Afghanistan
90%
Irak
85%
Ruanda
80%
Haiti
70%
Mauretanien
70%
Malawi
60%
Libyen
45%
Demokratische Republik Kongo
30%
Myanmar
30%
Bosnien und Herzegowina
25%
Südafrika
25%
Georgien
15%
Lesotho
15%
Seychellen
10%
Mauritius
5%
Keine übereinstimmenden Quizze gefunden
Verteilung der Resultate
Anzahl Personen mit jedem Resultat
Perzentil nach korrekt beantworteten Fragen
Ihre Resultats-Entwicklung
Sie haben dieses Quiz noch nicht gespielt